Software Project Management (Record no. 4906)

MARC details
000 -LEADER
fixed length control field 00326nam a2200145Ia 4500
008 - FIXED-LENGTH DATA ELEMENTS--GENERAL INFORMATION
fixed length control field 191201s2010 xx 000 0 und d
082 ## - DEWEY DECIMAL CLASSIFICATION NUMBER
Classification number 005.16
Item number HUS
100 ## - MAIN ENTRY--PERSONAL NAME
Personal name HUGHES, BOB
245 #0 - TITLE STATEMENT
Title Software Project Management
250 ## - EDITION STATEMENT
Edition statement 5th
260 ## - PUBLICATION, DISTRIBUTION, ETC. (IMPRINT)
Place of publication, distribution, etc N. Delhi
Name of publisher, distributor, etc TMH
Date of publication, distribution, etc 2010
300 ## - PHYSICAL DESCRIPTION
Extent 392
650 ## - SUBJECT ADDED ENTRY--TOPICAL TERM
Topical term or geographic name as entry element BBA
942 ## - ADDED ENTRY ELEMENTS (KOHA)
Source of classification or shelving scheme Dewey Decimal Classification
Koha item type Text Books
Holdings
Withdrawn status Lost status Source of classification or shelving scheme Damaged status Not for loan Collection code Home library Current library Date acquired Source of acquisition Cost, normal purchase price Bill Number Total Checkouts Full call number Acc. no. / Barcode Date last seen Bill Date Koha item type Date last borrowed
    Dewey Decimal Classification     BBA PIET C-LIBRARY PIET C-LIBRARY 29/07/2011 The book company 425.00 IN-858   005.10684 HUS 17789 04/12/2019 27/07/2011 Text Books  
    Dewey Decimal Classification     BBA PIET C-LIBRARY PIET C-LIBRARY 29/07/2011 The book company 425.00 IN-858 1 005.10684 HUS 17790 20/05/2024 27/07/2011 Text Books 30/03/2024

Design & Developed by: PIET Central Library
R70 Miles Stone Pattikalyana Samalkha Panipat 132102
mail ID :- [email protected], Phone No:- 0180-2569700 Ex.216